[Event "DSJ Weihnachtsturnier U16: Lasker 2020"]
[Site ""]
[Date "2020.12.28"]
[Round "2"]
[White "Blome, Johannes"]
[Black "Steinhauer, Artur"]
[Result "1-0"]
[Termination "normal"]
[Board "7.1"]
[WhiteElo "1849"]
[BlackElo "1462"]
[WhiteTeam "Hamburger SK von 1830 3"]
[BlackTeam "SC Bavaria Regensburg von 1881"]
[PlyCount "163"]
[WhiteFideId "16233972"]
[BlackFideId "16263596"]
[EventRounds "7"]
[EventType "team-swiss"]
[EventDate "2020.12.28"]

1. e4 {[%emt 0:00:04]} c6 {[%emt 0:00:13]} 2. Nf3 {[%emt 0:00:04]} d5 {[%emt
0:00:01]} 3. Nc3 {[%emt 0:00:03]} Bg4 {[%emt 0:00:08]} 4. h3 {[%emt 0:00:29]}
Bxf3 {[%emt 0:00:05]} 5. Qxf3 {[%emt 0:00:01]} Nf6 {[%emt 0:00:01]} 6. d3 {
[%emt 0:00:07]} dxe4 {[%emt 0:00:07]} 7. Nxe4 {[%emt 0:00:06]} Nxe4 {[%emt
0:00:01]} 8. dxe4 {[%emt 0:00:07]} Nd7 {[%emt 0:00:04]} 9. Be3 {[%emt 0:00:24]}
Nf6 {[%emt 0:00:08]} 10. Bd3 {[%emt 0:00:09]} e5 {[%emt 0:00:09]} 11. O-O-O {
[%emt 0:00:05]} Qa5 {[%emt 0:00:05]} 12. Kb1 {[%emt 0:00:15]} O-O-O {[%emt
0:00:04]} 13. Qf5+ {[%emt 0:00:28]} Kb8 {[%emt 0:00:20]} 14. g4 {[%emt
0:00:17]} h6 {[%emt 0:00:15]} 15. f4 {[%emt 0:00:27]} Bd6 {[%emt 0:00:09]} 16.
g5 { [%emt 0:00:26]} hxg5 {[%emt 0:00:19]} 17. fxg5 {[%emt 0:00:08]} Nh5 {[%emt
0:01:15]} 18. Qxf7 {[%emt 0:00:08]} Bc5 {[%emt 0:00:01] Regensb3-001 offers a
draw HSK05-001 reconnected.} 19. Bxc5 {[%emt 0:00:56]} Qxc5 {[%emt 0:00:00]}
20. h4 {[%emt 0:00:56]} Rdf8 {[%emt 0:00:02]} 21. Qb3 {[%emt 0:00:13]} Nf4 {
[%emt 0:00:01] HSK05-001 reconnected.} 22. c3 {[%emt 0:01:09]} g6 {[%emt
0:00:37]} 23. Bc4 {[%emt 0:00:14]} Rh7 {[%emt 0:00:02]} 24. Rh2 {[%emt
0:00:15]} Rfh8 {[%emt 0:00:01]} 25. a4 {[%emt 0:00:21]} Qb6 {[%emt 0:00:56]}
26. Qa3 { [%emt 0:00:14]} a5 {[%emt 0:00:30]} 27. Qd6+ {[%emt 0:00:18]} Qc7
{[%emt 0:00:04]} 28. Qf6 {[%emt 0:00:19]} Ka7 {[%emt 0:00:59]} 29. Rhd2 {[%emt
0:00:03]} Rxh4 {[%emt 0:00:11]} 30. Rd7 {[%emt 0:00:06]} Qb6 {[%emt 0:00:01]}
31. Qxe5 { [%emt 0:00:10]} Rh2 {[%emt 0:00:02]} 32. R1d2 {[%emt 0:00:12]} Rxd2
{[%emt 0:00:06]} 33. Rxd2 {[%emt 0:00:04]} Rh1+ {[%emt 0:00:00]} 34. Ka2 {[%emt
0:00:05] } Rh4 {[%emt 0:00:01]} 35. Bb3 {[%emt 0:00:15]} Nh3 {[%emt 0:00:28]}
36. Qe8 { [%emt 0:00:02]} Nxg5 {[%emt 0:00:23]} 37. Rd8 {[%emt 0:00:02]} Qc7
{[%emt 0:00:02]} 38. Rc8 {[%emt 0:00:11]} Rxe4 {[%emt 0:00:23] HSK05-001
reconnected.} 39. Qxe4 {[%emt 0:00:03]} Qxc8 {[%emt 0:00:01]} 40. Qe3+ {[%emt
0:00:01]} Ka6 { [%emt 0:00:03]} 41. Qxg5 {[%emt 0:00:00]} Qe8 {[%emt 0:00:06]}
42. Bc4+ { [%emt 0:00:01]} Kb6 {[%emt 0:00:01]} 43. Qg1+ {[%emt 0:00:07]} Kc7
{[%emt 0:00:01]} 44. Qc5 {[%emt 0:00:10]} b6 {[%emt 0:00:05]} 45. Qg5 {[%emt
0:00:03]} Qe4 {[%emt 0:00:02]} 46. Bb3 {[%emt 0:00:03]} Qf5 {[%emt 0:00:03]}
47. Qe7+ { [%emt 0:00:02]} Qd7 {[%emt 0:00:04]} 48. Qe5+ {[%emt 0:00:02]} Kb7
{[%emt 0:00:02]} 49. Be6 {[%emt 0:00:02]} Qh7 {[%emt 0:00:05]} 50. Qf6 {[%emt
0:00:03]} Qc7 {[%emt 0:00:17]} 51. Qxg6 {[%emt 0:00:03]} Qd6 {[%emt 0:00:03]}
52. Qf7+ { [%emt 0:00:01]} Kb8 {[%emt 0:00:09]} 53. Qd7 {[%emt 0:00:03]} Qxd7
{[%emt 0:00:24] HSK05-001 reconnected.} 54. Bxd7 {[%emt 0:00:06]} Kc7 {[%emt
0:00:00]} 55. Bf5 {[%emt 0:00:01]} Kd6 {[%emt 0:00:00]} 56. b4 {[%emt 0:00:02]}
axb4 { [%emt 0:00:04]} 57. cxb4 {[%emt 0:00:00]} c5 {[%emt 0:00:02]} 58. Kb3
{[%emt 0:00:03]} Kc7 {[%emt 0:00:04]} 59. b5 {[%emt 0:00:02]} Kd6 {[%emt
0:00:03]} 60. Kc4 {[%emt 0:00:01]} Kc7 {[%emt 0:00:07]} 61. Kd5 {[%emt
0:00:01]} Kb7 { [%emt 0:00:01]} 62. Kd6 {[%emt 0:00:01]} Kb8 {[%emt 0:00:04]}
63. Kc6 {[%emt 0:00:01]} Ka7 {[%emt 0:00:01]} 64. Bd3 {[%emt 0:00:03]} c4
{[%emt 0:00:10]} 65. Bxc4 {[%emt 0:00:01]} Ka8 {[%emt 0:00:01]} 66. Kxb6 {[%emt
0:00:01]} Kb8 { [%emt 0:00:00]} 67. a5 {[%emt 0:00:01]} Ka8 {[%emt 0:00:01]}
68. a6 {[%emt 0:00:08]} Kb8 {[%emt 0:00:00]} 69. a7+ {[%emt 0:00:02]} Kc8
{[%emt 0:00:01]} 70. Kc6 {[%emt 0:00:05]} Kd8 {[%emt 0:00:01]} 71. a8=Q+ {[%emt
0:00:02]} Ke7 { [%emt 0:00:01]} 72. Qg8 {[%emt 0:00:05]} Kf6 {[%emt 0:00:00]}
73. Qf7+ { [%emt 0:00:01]} Ke5 {[%emt 0:00:01]} 74. Qe6+ {[%emt 0:00:02]} Kd4
{[%emt 0:00:01]} 75. Qd5+ {[%emt 0:00:01]} Kc3 {[%emt 0:00:01]} 76. b6 {[%emt
0:00:03]} Kb4 {[%emt 0:00:00]} 77. Qb5+ {[%emt 0:00:01]} Kc3 {[%emt 0:00:00]}
78. Qb3+ { [%emt 0:00:01]} Kd2 {[%emt 0:00:01]} 79. Qd3+ {[%emt 0:00:02]} Kc1
{[%emt 0:00:01]} 80. Qe2 {[%emt 0:00:08]} Kb1 {[%emt 0:00:01] HSK05-001
reconnected.} 81. Bb3 {[%emt 0:00:14] HSK05-001 reconnected. HSK05-001
reconnected.} Kc1 { [%emt 0:02:15] HSK05-001 reconnected.} 82. Qc2# {[%emt
0:00:05]} 1-0

[Event "DSJ Weihnachtsturnier U16: Lasker 2020"]
[Site ""]
[Date "2020.12.28"]
[Round "2"]
[White "Grabbel, Torben Frederik"]
[Black "Aumüller, Naum"]
[Result "0-1"]
[Termination "normal"]
[Board "7.3"]
[WhiteElo "1636"]
[BlackElo "1622"]
[WhiteTeam "Hamburger SK von 1830 3"]
[BlackTeam "SC Bavaria Regensburg von 1881"]
[PlyCount "98"]
[WhiteFideId "16219180"]
[BlackFideId "16263960"]
[EventRounds "7"]
[EventType "team-swiss"]
[EventDate "2020.12.28"]

1. d4 {[%emt 0:00:06]} Nf6 {[%emt 0:00:10]} 2. Nf3 {[%emt 0:00:02]} g6 { [%emt
0:00:02]} 3. c4 {[%emt 0:00:03]} Bg7 {[%emt 0:00:05]} 4. Nc3 {[%emt 0:00:02]}
O-O {[%emt 0:00:02]} 5. e4 {[%emt 0:00:02]} d6 {[%emt 0:00:00]} 6. Be2 { [%emt
0:00:02]} Nc6 {[%emt 0:00:03]} 7. O-O {[%emt 0:00:03]} e5 {[%emt 0:00:01] } 8.
d5 {[%emt 0:00:04]} Ne7 {[%emt 0:00:02]} 9. Nd2 {[%emt 0:00:02]} Ne8 { [%emt
0:00:02]} 10. f4 {[%emt 0:00:02]} f5 {[%emt 0:00:04]} 11. fxe5 {[%emt 0:00:19]}
Bxe5 {[%emt 0:00:02]} 12. Qc2 {[%emt 0:00:15]} a5 {[%emt 0:00:23]} 13. Bd3
{[%emt 0:00:30]} Nf6 {[%emt 0:00:32]} 14. Nf3 {[%emt 0:00:17]} Nxe4 { [%emt
0:00:29]} 15. Nxe4 {[%emt 0:00:07]} fxe4 {[%emt 0:00:02]} 16. Bxe4 { [%emt
0:00:04]} Bg7 {[%emt 0:00:04]} 17. Bg5 {[%emt 0:00:11]} Bf5 {[%emt 0:00:16]}
18. Bxf5 {[%emt 0:00:15]} Rxf5 {[%emt 0:00:12]} 19. Bxe7 {[%emt 0:00:05]} Qxe7
{[%emt 0:00:01]} 20. Rae1 {[%emt 0:00:06]} Qf6 {[%emt 0:00:07]} 21. Re2 { [%emt
0:00:16]} Rf8 {[%emt 0:00:43]} 22. Ref2 {[%emt 0:00:32]} b6 {[%emt 0:00:26]}
23. Ne1 {[%emt 0:00:27]} Rxf2 {[%emt 0:00:09]} 24. Rxf2 {[%emt 0:00:04]} Qxf2+
{[%emt 0:01:16]} 25. Qxf2 {[%emt 0:00:03]} Rxf2 {[%emt 0:00:00]} 26. Kxf2
{[%emt 0:00:01]} Bxb2 {[%emt 0:00:00]} 27. Nd3 {[%emt 0:00:02]} Bd4+ {[%emt
0:01:04]} 28. Kf3 {[%emt 0:00:08]} Kf7 {[%emt 0:00:21]} 29. Nf4 {[%emt
0:00:04]} Be5 {[%emt 0:00:23]} 30. Ne6 {[%emt 0:00:14]} Bxh2 {[%emt 0:00:04]}
31. Nxc7 { [%emt 0:00:12]} Bg1 {[%emt 0:00:20]} 32. Nb5 {[%emt 0:00:18]} Ke7
{[%emt 0:00:08]} 33. Nc3 {[%emt 0:00:11]} h6 {[%emt 0:00:10]} 34. g3 {[%emt
0:00:28]} Bd4 { [%emt 0:00:08]} 35. Ne2 {[%emt 0:00:11]} Be5 {[%emt 0:00:03]}
36. Nc1 {[%emt 0:00:09]} h5 {[%emt 0:00:10]} 37. Nd3 {[%emt 0:00:04]} Kf6
{[%emt 0:00:09]} 38. Nf2 {[%emt 0:00:12]} g5 {[%emt 0:00:26]} 39. g4 {[%emt
0:00:28]} h4 {[%emt 0:00:21]} 40. Nh3 {[%emt 0:00:19]} Bd4 {[%emt 0:00:28]} 41.
Ke4 {[%emt 0:00:08]} Bc5 {[%emt 0:00:15]} 42. Kd3 {[%emt 0:00:20]} Ke5 {[%emt
0:00:32]} 43. Nxg5 { [%emt 0:00:03]} Kf4 {[%emt 0:00:02]} 44. Ne6+ {[%emt
0:00:21]} Kxg4 {[%emt 0:00:01]} 45. Nxc5 {[%emt 0:00:02]} bxc5 {[%emt 0:00:00]}
46. Ke2 {[%emt 0:00:04] } Kf4 {[%emt 0:00:02]} 47. Kf2 {[%emt 0:00:07]} Ke4
{[%emt 0:00:01]} 48. Kg2 { [%emt 0:00:02]} Kd4 {[%emt 0:00:01]} 49. Kh3 {[%emt
0:00:01]} Kxc4 {[%emt 0:00:01]} 0-1

[Event "DSJ Weihnachtsturnier U16: Lasker 2020"]
[Site ""]
[Date "2020.12.28"]
[Round "2"]
[White "Pavlov, Liliane"]
[Black "Reyes-Mantilla, Andrés Mauricio"]
[Result "0-1"]
[Termination "normal"]
[Board "7.4"]
[WhiteElo "1740"]
[BlackElo "1564"]
[WhiteTeam "SC Bavaria Regensburg von 1881"]
[BlackTeam "Hamburger SK von 1830 3"]
[PlyCount "42"]
[WhiteFideId "16225449"]
[BlackFideId "4467248"]
[EventRounds "7"]
[EventType "team-swiss"]
[EventDate "2020.12.28"]

1. d4 {[%emt 0:00:09]} Nf6 {[%emt 0:00:12]} 2. c4 {[%emt 0:00:05]} e6 {[%emt
0:00:01]} 3. Nf3 {[%emt 0:00:08]} c5 {[%emt 0:00:02]} 4. d5 {[%emt 0:00:08]}
exd5 {[%emt 0:00:00]} 5. cxd5 {[%emt 0:00:02]} d6 {[%emt 0:00:01]} 6. Nc3
{[%emt 0:00:02]} g6 {[%emt 0:00:01]} 7. e4 {[%emt 0:00:06]} Bg7 {[%emt
0:00:01]} 8. g3 { [%emt 0:00:01]} O-O {[%emt 0:00:01]} 9. Bg2 {[%emt 0:00:01]}
Re8 {[%emt 0:00:01]} 10. Nd2 {[%emt 0:01:42]} a6 {[%emt 0:00:11]} 11. a4 {[%emt
0:00:15]} Nbd7 {[%emt 0:00:33]} 12. O-O {[%emt 0:00:10]} Rb8 {[%emt 0:00:07]}
13. a5 {[%emt 0:02:15]} Qc7 {[%emt 0:01:54]} 14. Nc4 {[%emt 0:01:19]} b5 {[%emt
0:00:35]} 15. axb6 {[%emt 0:00:13]} Nxb6 {[%emt 0:00:04]} 16. Na5 {[%emt
0:00:39]} Bb7 { [%emt 0:01:06]} 17. Be3 {[%emt 0:00:27]} Nbd7 {[%emt 0:00:15]}
18. f4 {[%emt 0:00:16]} Ba8 {[%emt 0:01:07]} 19. Qd2 {[%emt 0:00:44]} Ng4
{[%emt 0:00:11]} 20. Nc4 {[%emt 0:01:04]} Rb4 {[%emt 0:00:36]} 21. Na3 {[%emt
0:00:47]} Nxe3 { [%emt 0:00:47]} 0-1

[Event "DSJ Weihnachtsturnier U16: Lasker 2020"]
[Site ""]
[Date "2020.12.28"]
[Round "2"]
[White "Falke, Philipp"]
[Black "Hoffmann, Kay"]
[Result "0-1"]
[Termination "normal"]
[Board "8.1"]
[WhiteElo "1334"]
[BlackElo "1583"]
[WhiteTeam "Post SV Uelzen"]
[BlackTeam "Barnimer Schachfreunde im SV Stahl Finow"]
[PlyCount "88"]
[WhiteFideId "16294696"]
[BlackFideId "16227000"]
[EventRounds "7"]
[EventType "team-swiss"]
[EventDate "2020.12.28"]

1. e4 {[%emt 0:00:22]} d5 {[%emt 0:00:03]} 2. exd5 {[%emt 0:00:08]} Qxd5 {
[%emt 0:00:03]} 3. Nc3 {[%emt 0:00:03]} Qa5 {[%emt 0:00:03]} 4. d4 {[%emt
0:00:05]} Nf6 {[%emt 0:00:04]} 5. Nf3 {[%emt 0:00:04]} Bg4 {[%emt 0:00:03]} 6.
Be2 { [%emt 0:00:06]} Nc6 {[%emt 0:00:03]} 7. O-O {[%emt 0:00:09]} O-O-O {[%emt
0:00:04]} 8. Be3 {[%emt 0:00:26]} e5 {[%emt 0:00:06]} 9. Re1 {[%emt 0:00:45]}
exd4 { [%emt 0:00:09]} 10. Nxd4 {[%emt 0:00:08]} Bxe2 {[%emt 0:00:31]} 11.
Ncxe2 { [%emt 0:00:29]} Nxd4 {[%emt 0:00:05]} 12. Nxd4 {[%emt 0:00:44]} Bc5
{[%emt 0:00:57]} 13. c3 {[%emt 0:00:31]} Nd5 {[%emt 0:00:26]} 14. b4 {[%emt
0:00:38]} Nxe3 {[%emt 0:00:38]} 15. Rxe3 {[%emt 0:00:20]} Bxb4 {[%emt 0:00:10]}
16. cxb4 {[%emt 0:00:03]} Qxb4 {[%emt 0:00:03]} 17. Rd3 {[%emt 0:00:19]} Qc4
{[%emt 0:00:36]} 18. Rc1 {[%emt 0:01:31]} Qxa2 {[%emt 0:00:13]} 19. Rd2 {[%emt
0:00:39]} Qa5 {[%emt 0:00:22]} 20. Nf3 {[%emt 0:00:22]} c6 {[%emt 0:00:28]} 21.
Ra1 { [%emt 0:00:11]} Qb6 {[%emt 0:00:45]} 22. Rxd8+ {[%emt 0:00:27]} Rxd8
{[%emt 0:00:05]} 23. Qa4 {[%emt 0:00:16]} Kc7 {[%emt 0:00:19]} 24. h3 {[%emt
0:00:41]} a6 {[%emt 0:00:38]} 25. Ne5 {[%emt 0:00:35]} f6 {[%emt 0:00:15]} 26.
Nc4 { [%emt 0:00:12]} Qd4 {[%emt 0:00:34]} 27. Qa5+ {[%emt 0:00:20]} Kb8 {[%emt
0:00:41]} 28. Nb6 {[%emt 0:00:13]} Ka7 {[%emt 0:00:32]} 29. Ra4 {[%emt
0:00:04]} Qxb6 {[%emt 0:00:04]} 30. Qxb6+ {[%emt 0:00:03]} Kxb6 {[%emt
0:00:02]} 31. Rg4 {[%emt 0:00:01]} g5 {[%emt 0:00:09]} 32. Rg3 {[%emt 0:00:03]}
a5 {[%emt 0:00:05]} 33. Rf3 {[%emt 0:00:02]} Rd6 {[%emt 0:00:03]} 34. Re3
{[%emt 0:00:04]} a4 {[%emt 0:00:03]} 35. Re4 {[%emt 0:00:02]} Ka5 {[%emt
0:00:07]} 36. Re7 { [%emt 0:00:02]} b5 {[%emt 0:00:04]} 37. Rxh7 {[%emt
0:00:02]} Kb4 {[%emt 0:00:05]} 38. Ra7 {[%emt 0:00:02]} a3 {[%emt 0:00:01]} 39.
Kf1 {[%emt 0:00:01]} Kb3 {[%emt 0:00:01]} 40. Ke2 {[%emt 0:00:01]} Kb2 {[%emt
0:00:01]} 41. Kf3 { [%emt 0:00:02]} a2 {[%emt 0:00:01]} 42. Kg4 {[%emt
0:00:02]} a1=Q {[%emt 0:00:01]} 43. Rxa1 {[%emt 0:00:02]} Kxa1 {[%emt 0:00:01]}
44. Kf5 {[%emt 0:00:01]} b4 {[%emt 0:00:02]} 0-1

[Event "DSJ Weihnachtsturnier U16: Lasker 2020"]
[Site ""]
[Date "2020.12.28"]
[Round "2"]
[White "Schulze, Max Peter"]
[Black "Beyer, Lorenz"]
[Result "0-1"]
[Termination "normal"]
[Board "8.3"]
[WhiteElo "1125"]
[BlackElo "1362"]
[WhiteTeam "Post SV Uelzen"]
[BlackTeam "Barnimer Schachfreunde im SV Stahl Finow"]
[PlyCount "97"]
[WhiteFideId "16272200"]
[BlackFideId "16245393"]
[EventRounds "7"]
[EventType "team-swiss"]
[EventDate "2020.12.28"]

1. e4 {[%emt 0:00:12]} e6 {[%emt 0:00:02]} 2. d4 {[%emt 0:00:13]} d5 {[%emt
0:00:03]} 3. exd5 {[%emt 0:00:05]} exd5 {[%emt 0:00:02]} 4. Nf3 {[%emt
0:00:07]} Bd6 {[%emt 0:00:03]} 5. Qe2+ {[%emt 0:00:05]} Qe7 {[%emt 0:00:05]} 6.
Qxe7+ { [%emt 0:00:02]} Nxe7 {[%emt 0:00:01]} 7. Nc3 {[%emt 0:00:01]} O-O
{[%emt 0:00:02]} 8. Bd3 {[%emt 0:00:07]} c6 {[%emt 0:00:02]} 9. O-O {[%emt
0:00:05]} Bf5 { [%emt 0:00:03]} 10. Bxf5 {[%emt 0:00:07]} Nxf5 {[%emt 0:00:03]}
11. Re1 { [%emt 0:00:03]} Nd7 {[%emt 0:00:04]} 12. Be3 {[%emt 0:00:12]} Nxe3
{[%emt 0:00:08]} 13. Rxe3 {[%emt 0:00:00]} Nf6 {[%emt 0:00:03]} 14. Rae1 {[%emt
0:00:11]} Rfe8 {[%emt 0:00:07]} 15. Rxe8+ {[%emt 0:00:10]} Rxe8 {[%emt
0:00:05]} 16. Rxe8+ {[%emt 0:00:00]} Nxe8 {[%emt 0:00:01]} 17. b3 {[%emt
0:00:10]} Nc7 { [%emt 0:00:09]} 18. Kf1 {[%emt 0:00:02]} Kf8 {[%emt 0:00:03]}
19. Ke2 {[%emt 0:00:01]} Ne6 {[%emt 0:00:01]} 20. Ke3 {[%emt 0:00:18]} Ke7
{[%emt 0:00:08]} 21. h3 {[%emt 0:00:26]} Bf4+ {[%emt 0:00:08]} 22. Kd3 {[%emt
0:00:07]} Bc7 { [%emt 0:00:05]} 23. Na4 {[%emt 0:00:19]} Nf4+ {[%emt 0:00:07]}
24. Ke3 { [%emt 0:00:09]} Nxg2+ {[%emt 0:00:02]} 25. Kd3 {[%emt 0:00:11]} Nf4+
{[%emt 0:00:02]} 26. Ke3 {[%emt 0:00:02]} Nxh3 {[%emt 0:00:07]} 27. Nc5 {[%emt
0:00:04]} b6 {[%emt 0:00:04]} 28. Na4 {[%emt 0:00:15]} Bf4+ {[%emt 0:00:04]}
29. Ke2 { [%emt 0:00:06]} Ng5 {[%emt 0:00:04]} 30. Ng1 {[%emt 0:00:07]} Ne4
{[%emt 0:00:08]} 31. c4 {[%emt 0:00:10]} dxc4 {[%emt 0:00:04]} 32. bxc4 {[%emt
0:00:03]} Nd6 {[%emt 0:00:06]} 33. c5 {[%emt 0:00:07]} bxc5 {[%emt 0:00:04]}
34. Nxc5 { [%emt 0:00:04]} Nb5 {[%emt 0:00:07]} 35. Kd3 {[%emt 0:00:05]} Bd6
{[%emt 0:00:04]} 36. Nb7 {[%emt 0:00:08]} Bc7 {[%emt 0:00:07]} 37. Nc5 {[%emt
0:00:11]} Bb6 {[%emt 0:00:05]} 38. Nb3 {[%emt 0:00:07]} f5 {[%emt 0:00:18]} 39.
Nh3 {[%emt 0:00:10]} h6 {[%emt 0:00:05]} 40. f4 {[%emt 0:00:04]} Kf6 {[%emt
0:00:04]} 41. Kc4 {[%emt 0:00:09]} g5 {[%emt 0:00:09]} 42. Kb4 {[%emt 0:00:12]}
Nxd4 { [%emt 0:00:05]} 43. Nxd4 {[%emt 0:00:29]} Bxd4 {[%emt 0:00:05]} 44. Kc4
{ [%emt 0:00:06]} Bb6 {[%emt 0:00:04]} 45. Kb4 {[%emt 0:00:02]} g4 {[%emt
0:00:03]} 46. Nf2 {[%emt 0:00:07]} Bxf2 {[%emt 0:00:03] Uelzen2-003 offers a
draw} 47. Kc3 {[%emt 0:00:09]} g3 {[%emt 0:00:06]} 48. Kd2 {[%emt 0:00:05]} g2
{ [%emt 0:00:02]} 49. Ke2 {[%emt 0:00:01]} 0-1

[Event "DSJ Weihnachtsturnier U16: Lasker 2020"]
[Site ""]
[Date "2020.12.28"]
[Round "2"]
[White "Doll, Rebecca"]
[Black "Winkler, Yonathan"]
[Result "0-1"]
[Termination "normal"]
[Board "9.1"]
[WhiteElo "1762"]
[BlackElo "1720"]
[WhiteTeam "OSG Baden-Baden 2"]
[BlackTeam "Bielefelder Schachklub von 1883"]
[PlyCount "126"]
[WhiteFideId "16236890"]
[BlackFideId "16266080"]
[EventRounds "7"]
[EventType "team-swiss"]
[EventDate "2020.12.28"]

1. e4 {[%emt 0:00:07]} c5 {[%emt 0:00:04]} 2. Nf3 {[%emt 0:00:04]} a6 {[%emt
0:00:02]} 3. c3 {[%emt 0:00:05]} d5 {[%emt 0:00:03]} 4. exd5 {[%emt 0:00:05]}
Qxd5 {[%emt 0:00:00]} 5. d4 {[%emt 0:00:01]} Nf6 {[%emt 0:00:05]} 6. Na3 {
[%emt 0:00:23]} Bg4 {[%emt 0:00:08]} 7. Be2 {[%emt 0:00:05]} e6 {[%emt 0:00:20]
} 8. Nc2 {[%emt 0:00:04]} cxd4 {[%emt 0:00:04]} 9. Qxd4 {[%emt 0:00:07]} Nc6 {
[%emt 0:00:08]} 10. Qxd5 {[%emt 0:00:18]} Nxd5 {[%emt 0:00:00]} 11. Ncd4 {
[%emt 0:01:29]} Nxd4 {[%emt 0:00:09]} 12. Nxd4 {[%emt 0:00:03]} Bxe2 {[%emt
0:00:02]} 13. Nxe2 {[%emt 0:00:01]} Bc5 {[%emt 0:00:05]} 14. O-O {[%emt
0:00:05]} O-O-O {[%emt 0:00:05]} 15. h3 {[%emt 0:01:26]} Rhe8 {[%emt 0:00:26]}
16. Re1 { [%emt 0:00:21]} h6 {[%emt 0:00:11] Baden4-001 reconnected.} 17. a3
{[%emt 0:01:23]} g5 {[%emt 0:00:07] Baden4-001 reconnected.} 18. c4 {[%emt
0:00:12]} Ne7 { [%emt 0:00:38]} 19. Ng3 {[%emt 0:00:39] Baden4-001
reconnected.} Nf5 {[%emt 0:00:34]} 20. Nxf5 {[%emt 0:00:21]} exf5 {[%emt
0:00:00]} 21. Rxe8 {[%emt 0:00:08]} Rxe8 {[%emt 0:00:00]} 22. Kf1 {[%emt
0:00:02]} Kd7 {[%emt 0:00:12]} 23. Bd2 {[%emt 0:00:07]} Kc6 {[%emt 0:00:04]}
24. b4 {[%emt 0:00:05]} Bd4 {[%emt 0:00:04] Bielefd1-001 offers a draw} 25. Rd1
{[%emt 0:00:14]} Bb2 {[%emt 0:00:05] } 26. Bc1 {[%emt 0:00:02]} Bxc1 {[%emt
0:00:05]} 27. Rxc1 {[%emt 0:00:01]} Re4 {[%emt 0:00:03]} 28. f3 {[%emt
0:00:08]} Re3 {[%emt 0:00:04]} 29. Ra1 {[%emt 0:00:09]} Rc3 {[%emt 0:00:08]}
30. c5 {[%emt 0:00:02]} f4 {[%emt 0:00:02]} 31. Rd1 {[%emt 0:00:13]} Kc7 {[%emt
0:00:08]} 32. Rd6 {[%emt 0:00:05]} Rxa3 { [%emt 0:00:04]} 33. Rxh6 {[%emt
0:00:02]} Rb3 {[%emt 0:00:04]} 34. Rb6 { [%emt 0:00:02]} f6 {[%emt 0:00:07]}
35. Kg1 {[%emt 0:00:09]} Rb1+ {[%emt 0:00:05]} 36. Kh2 {[%emt 0:00:02]} f5
{[%emt 0:00:08]} 37. Rf6 {[%emt 0:00:32]} Rxb4 {[%emt 0:00:06]} 38. Rxf5 {[%emt
0:00:01]} a5 {[%emt 0:00:03]} 39. Rxg5 { [%emt 0:00:03]} a4 {[%emt 0:00:06]}
40. Re5 {[%emt 0:00:15]} a3 {[%emt 0:00:04] } 41. Re1 {[%emt 0:00:02]} Kc6
{[%emt 0:00:07]} 42. Ra1 {[%emt 0:00:02]} Ra4 { [%emt 0:00:04]} 43. h4 {[%emt
0:00:02]} Kxc5 {[%emt 0:00:23]} 44. h5 {[%emt 0:00:01]} Kb4 {[%emt 0:00:10]}
45. Kh3 {[%emt 0:00:13]} Kb3 {[%emt 0:00:04]} 46. Kg4 {[%emt 0:00:02]} Kb2
{[%emt 0:00:03]} 47. Re1 {[%emt 0:00:04]} a2 {[%emt 0:00:03]} 48. h6 {[%emt
0:00:02]} a1=Q {[%emt 0:00:06]} 49. Rxa1 {[%emt 0:00:01]} Kxa1 {[%emt 0:00:04]}
50. h7 {[%emt 0:00:06]} Ra8 {[%emt 0:00:04]} 51. Kxf4 { [%emt 0:00:01]} Rh8
{[%emt 0:00:03]} 52. g4 {[%emt 0:00:01]} Rxh7 {[%emt 0:00:03]} 53. g5 {[%emt
0:00:01]} b5 {[%emt 0:00:04]} 54. Ke4 {[%emt 0:00:03]} b4 { [%emt 0:00:03]
Baden4-001 reconnected.} 55. g6 {[%emt 0:00:13]} Rg7 {[%emt 0:00:03]} 56. Kf5
{[%emt 0:00:01]} b3 {[%emt 0:00:07]} 57. Kf6 {[%emt 0:00:01]} Rb7 {[%emt
0:00:09]} 58. g7 {[%emt 0:00:02]} Rb8 {[%emt 0:00:02]} 59. Kf7 { [%emt
0:00:03]} b2 {[%emt 0:00:03]} 60. g8=Q {[%emt 0:00:01]} Rxg8 {[%emt 0:00:01]}
61. Kxg8 {[%emt 0:00:01]} b1=Q {[%emt 0:00:01]} 62. Kf7 {[%emt 0:00:10]} Qf5+
{[%emt 0:00:01]} 63. Kg7 {[%emt 0:00:02]} Qxf3 {[%emt 0:00:00]} 0-1

[Event "DSJ Weihnachtsturnier U16: Lasker 2020"]
[Site ""]
[Date "2020.12.28"]
[Round "2"]
[White "Borgstädt, Leif Jona"]
[Black "Schulz, Victor"]
[Result "1-0"]
[Termination "normal"]
[Board "9.2"]
[WhiteElo "1376"]
[BlackElo "1510"]
[WhiteTeam "Bielefelder Schachklub von 1883"]
[BlackTeam "OSG Baden-Baden 2"]
[PlyCount "61"]
[WhiteFideId "16266153"]
[BlackFideId "36051268"]
[EventRounds "7"]
[EventType "team-swiss"]
[EventDate "2020.12.28"]

1. d4 {[%emt 0:00:05]} d5 {[%emt 0:00:03]} 2. c4 {[%emt 0:00:02]} c6 {[%emt
0:00:06]} 3. Nc3 {[%emt 0:00:02]} Nf6 {[%emt 0:00:05]} 4. Nf3 {[%emt 0:00:02]}
Bf5 {[%emt 0:00:06]} 5. Bg5 {[%emt 0:00:08]} e6 {[%emt 0:00:05]} 6. e3 { [%emt
0:00:02]} Be7 {[%emt 0:00:08]} 7. Be2 {[%emt 0:00:03]} dxc4 {[%emt 0:00:03]} 8.
Bxc4 {[%emt 0:00:03]} O-O {[%emt 0:00:03]} 9. O-O {[%emt 0:00:05]} Nbd7 {[%emt
0:00:07]} 10. Re1 {[%emt 0:00:19]} Ne4 {[%emt 0:00:17]} 11. Bxe7 { [%emt
0:00:08]} Qxe7 {[%emt 0:00:05]} 12. Nxe4 {[%emt 0:00:08]} Bxe4 {[%emt 0:00:04]}
13. Bd3 {[%emt 0:00:07]} Bxd3 {[%emt 0:00:04]} 14. Qxd3 {[%emt 0:00:02] } Nf6
{[%emt 0:00:03]} 15. e4 {[%emt 0:00:17]} Rfd8 {[%emt 0:00:04]} 16. e5 { [%emt
0:00:07]} Nd5 {[%emt 0:00:09]} 17. Re4 {[%emt 0:00:14]} f5 {[%emt 0:00:35]} 18.
Rh4 {[%emt 0:00:30]} g5 {[%emt 0:00:26]} 19. Rh3 {[%emt 0:00:35]} Nf4 {[%emt
0:00:05]} 20. Qe3 {[%emt 0:00:35]} Nxh3+ {[%emt 0:00:12]} 21. gxh3 { [%emt
0:00:02]} h6 {[%emt 0:00:03]} 22. Kh1 {[%emt 0:00:05]} Kf7 {[%emt 0:00:25]} 23.
h4 {[%emt 0:00:29]} Rg8 {[%emt 0:00:15]} 24. Rg1 {[%emt 0:00:18]} g4 { [%emt
0:00:30]} 25. Qxh6 {[%emt 0:00:27]} Rh8 {[%emt 0:01:07]} 26. Ng5+ { [%emt
0:00:04]} Kg8 {[%emt 0:00:41]} 27. Qg6+ {[%emt 0:00:16]} Kf8 {[%emt 0:00:17]}
28. Nxe6+ {[%emt 0:00:22]} Qxe6 {[%emt 0:00:11]} 29. Qxe6 {[%emt 0:00:03]} Rxh4
{[%emt 0:00:10]} 30. Qxf5+ {[%emt 0:00:04]} Ke7 {[%emt 0:00:05]} 31. Qg5+
{[%emt 0:00:16]} 1-0